| Tag |
First Indicator |
Second Indicator |
Subfields |
| LEADER |
00000cam a2200000 4500 |
| 001 |
in00000041512 |
| 005 |
20151007074601.0 |
| 008 |
790105s1958 iaub b 10000 eng |
| 010 |
|
|
|a 58013414
|
| 035 |
|
|
|a (OCoLC)04518293
|
| 035 |
|
|
|9 AAF1762AM
|
| 040 |
|
|
|a DLC
|c NYG
|d OCL
|d TXA
|d UtOrBLW
|
| 049 |
|
|
|a TXAM
|c [301201]
|
| 050 |
|
0 |
|a S537
|b .I935 1958
|
| 082 |
0 |
|
|a 630.711
|
| 092 |
|
|
|a 630.711
|b I649, 1958
|
| 110 |
2 |
|
|a Iowa State University.
|
| 245 |
1 |
0 |
|a Commemorative papers from the Iowa State College centennial; Founders' Day convocation, Founders' Day luncheon, the Academic Symposia.
|
| 264 |
|
1 |
|a Ames :
|b Iowa State College Press,
|c [1958]
|
| 300 |
|
|
|a 164 pages :
|b map (on lining-papers) ;
|c 24 cm.
|
| 336 |
|
|
|a text
|b txt
|2 rdacontent
|
| 337 |
|
|
|a unmediated
|b n
|2 rdamedia
|
| 338 |
|
|
|a volume
|b nc
|2 rdacarrier
|
| 504 |
|
|
|a Bibliography: page 162.
|
| 650 |
|
0 |
|a Education.
|
| 650 |
|
0 |
|a Science.
|
| 740 |
0 |
|
|a Iowa State College centennial.
|
| 999 |
|
|
|a MARS
|
| 999 |
f |
f |
|s 085d1672-2903-3aaa-aa9c-4745d01104d1
|i b936086a-5bd2-3580-9613-6d6d1b62cf40
|t 0
|
| 952 |
f |
f |
|p ric
|a Texas A&M University
|b Rellis Campus
|c Joint Library Facility
|d Remote Storage
|t 0
|e S537 .I935 1958
|h Library of Congress classification
|i unmediated -- volume
|m A14801056409
|
| 998 |
f |
f |
|a S537 .I935 1958
|t 0
|l Remote Storage
|